[Event "NOR-ch Class2"]
[Site "Oslo"]
[Date "2015.07.11"]
[Round "9"]
[White "Karlstrom, Henrik"]
[Black "Liu, Bibek"]
[Result "0-1"]
[WhiteElo "1556"]
[BlackElo "1641"]
[PlyCount "94"]
[EventDate "2015.07.04"]
[EventType "swiss"]
[EventRounds "9"]
[EventCountry "NOR"]
[SourceTitle "EXT 2017"]
[Source "ChessBase"]
[SourceDate "2016.10.25"]
[SourceVersion "1"]
[SourceVersionDate "2016.10.25"]
[SourceQuality "1"]

1. e4 c5 2. Nf3 d6 3. d4 cxd4 4. Nxd4 Nf6 5. Nc3 a6 6. h3 e5 7. Nde2 Be6 8. g4 Be7 9. Bg2 0-0 10. 0-0 Nbd7 11. Ng3 Ne8 12. Nf5 Rc8 13. f4 b5 14. Nxe7+ Qxe7 15. f5 Bc4 16. Rf3 b4 17. Ne2 Nc5 18. Ng3 f6 19. Be3 Nc7 20. Qd2 a5 21. g5 d5 22. gxf6 gxf6 23. Bh6 Rf7 24. Rf2 Nxe4 25. Nxe4 dxe4 26. Bxe4 Kh8 27. Rg2 Qd7 28. Qe1 Nd5 29. b3 Ba6 30. Rd1 Qa7+ 31. Kh2 Nc3 32. Rd6 Nxe4 33. Qxe4 Bb7 34. Qd3 Qb8 35. Rg3 Qc7 36. Kg1 Be4 37. Qd2 Bxf5 38. Rf3 Rg8+ 39. Kf1 Qc8 40. h4 Bh3+ 41. Ke1 Rg1+ 42. Ke2 Rg2+ 43. Rf2 Qg4+ 44. Kd3 Rd7 45. Rxd7 Qxd7+ 46. Ke2 Qg4+ 47. Kd3 Qd4+ 0-1

[Event "Goch op 20th"]
[Site "Goch"]
[Date "2009.10.03"]
[Round "4"]
[White "Liu, Bibek"]
[Black "Kruett, Michael"]
[Result "0-1"]
[WhiteElo "1064"]
[BlackElo "1887"]
[PlyCount "122"]
[EventDate "2009.10.01"]
[EventType "swiss"]
[EventRounds "7"]
[EventCountry "GER"]
[SourceTitle "EXT 2011"]
[Source "ChessBase"]
[SourceDate "2010.11.26"]
[SourceVersion "1"]
[SourceVersionDate "2010.11.26"]
[SourceQuality "1"]

1. e4 c5 2. Nf3 e6 3. d4 cxd4 4. Nxd4 a6 5. Nf3 d6 6. Nc3 Nf6 7. Bg5 Be7 8. e5 dxe5 9. Qxd8+ Bxd8 10. Nxe5 Nbd7 11. Nxd7 Bxd7 12. Bd3 Bc6 13. 0-0 0-0 14. Rfe1 Rc8 15. Rac1 h6 16. Bh4 b5 17. a3 Re8 18. Bg3 Ba5 19. b4 Bb6 20. Ne4 Nxe4 21. Bxe4 Bxe4 22. Rxe4 Rc3 23. Be5 Rxa3 24. Ra1 Rxa1+ 25. Bxa1 Rd8 26. Kf1 Rd1+ 27. Re1 Rxe1+ 28. Kxe1 f6 29. Ke2 Kf7 30. f3 e5 31. Kd3 Ke6 32. Bb2 Kd5 33. h3 g6 34. Bc3 h5 35. Bb2 f5 36. Bc3 Bd8 37. Bd2 Bf6 38. c3 e4+ 39. fxe4+ fxe4+ 40. Kc2 Kc4 41. g4 hxg4 42. hxg4 Be5 43. g5 e3 44. Bxe3 Bxc3 45. Kd1 Bxb4 46. Kc2 Bc5 47. Bf4 a5 48. Bd2 b4 49. Kb2 a4 50. Kb1 Bd4 51. Bc1 Kd3 52. Bf4 b3 53. Bd6 Bc3 54. Ba3 Kc4 55. Bd6 Bb4 56. Be5 a3 57. Bf6 Bc3 58. Kc1 a2 59. Kd1 b2 60. Ke2 b1Q 61. Bxc3 Kxc3 0-1

[Event "Oslo ASKO Pinseturnering-B"]
[Site "Oslo"]
[Date "2009.05.30"]
[Round "1"]
[White "Liu, Bibek"]
[Black "Salomon, Johan"]
[Result "0-1"]
[WhiteElo "961"]
[BlackElo "1286"]
[PlyCount "112"]
[EventDate "2009.05.30"]
[EventType "swiss"]
[EventRounds "6"]
[EventCountry "NOR"]
[SourceTitle "EXT 2011"]
[Source "ChessBase"]
[SourceDate "2010.11.26"]
[SourceVersion "1"]
[SourceVersionDate "2010.11.26"]
[SourceQuality "1"]

1. c4 c5 2. e3 g6 3. Nf3 Bg7 4. a3 Nc6 5. Be2 e5 6. e4 Nge7 7. 0-0 d6 8. d3 0-0 9. Bg5 f6 10. Be3 Be6 11. Qc1 f5 12. Nc3 f4 13. Bd2 Nd4 14. Nxd4 cxd4 15. Nd5 Rc8 16. Qd1 Qd7 17. Bf3 Rf7 18. Rb1 Rcf8 19. Re1 g5 20. Bh5 Ng6 21. f3 Bf6 22. Nxf6+ Rxf6 23. Rf1 Kh8 24. Be1 Ne7 25. Bg4 Kg7 26. Bxe6 Qxe6 27. Rc1 Rg6 28. Rc2 Rg8 29. Bb4 Nc6 30. Be1 Kh8 31. b4 g4 32. Rff2 g3 33. hxg3 fxg3 34. Rfd2 Rh6 35. Qa1 Qf6 36. Kf1 Rh1+ 37. Ke2 Qh4 38. Rc1 Qh2 39. Kd1 Rg1 40. Qb2 Qh1 41. Re2 Nd8 42. f4 Ne6 43. fxe5 dxe5 44. Qd2 Nf4 45. c5 Qh5 46. c6 bxc6 47. Rxc6 Rxg2 48. Rc5 Rxe2 49. Qxf4 Rxe1+ 50. Kxe1 exf4 51. Rxh5 g2 52. Kd2 g1Q 53. Kc2 Qa1 54. Ra5 Qc3+ 55. Kd1 f3 56. Rc5 Rg1# 0-1